Úverové riziko v Tatra banke, a..s. a jeho eliminácia diplomová práca

Enregistré dans:
Détails bibliographiques
Auteur principal: Sehnalová, Lucia
Collectivité auteur: Podnikovohospodárska fakulta EU so sídlom v Košiciach. Katedra ekonómie
Autres auteurs: Smolnická, Erika
Format: Livre
Langue:slovaque
Publié: Košice 2009
Tags: Ajouter un tag
Pas de tags, Soyez le premier à ajouter un tag!

MARC

LEADER 00000nam$a2200000$$$4500
001 0098821
005 20240827093122.0
041 0 |a slo 
044 |a SK 
245 1 0 |a Úverové riziko v Tatra banke, a..s. a jeho eliminácia  |b diplomová práca  |c Lucia Sehnalová ; aut. Erika Smolnická 
264 1 |a Košice  |c 2009 
300 |a 80 s. 
100 1 |a Sehnalová, Lucia 
700 1 |a Smolnická, Erika 
710 2 |a Podnikovohospodárska fakulta EU so sídlom v Košiciach. Katedra ekonómie